000 00973cam a2200277 a 4500
008
020 _a0443103399 (pbk.)
049 _aMAIN
090 _aRJ255.5
_bEXA
245 0 0 _aExamination of the newborn and neonatal health :
_ba multidimensional approach /
_c[edited by] Lorna Davies, Sharon McDonald ; foreword by Nicky Leap.
260 _aEdinburgh ;
_aNew York :
_bChurchill Livingstone,
_c2008.
300 _axi, 296 p. :
_bill. ;
_c25 cm.
500 _aIncludes index.
504 _aIncludes bibliographical references.
650 0 _aNewborn infants
_xMedical examinations.
650 0 _aNewborn infants
_xDiseases
_xDiagnosis.
650 _aInfant, Newborn, Diseases
_xdiagnosis.
650 _aNeonatal Screening.
700 1 _aDavies, Lorna.
700 1 _aMcDonald, Sharon.
907 _a.b1028963x
_b29-01-14
_c18-01-11
003
005 20230120204044.0
040 _cNUST
942 _cBOOKS
_kRJ255.5
_mEXA
999 _c116320
_d116320